Pays du Monde - 20minutes - Statistiques

Statistiques générales
  • Ce quiz a été pris 86 fois
  • Le résultat moyen est 137 sur 196
Réponses sur la Carte
Les réponses sont colorées sur une échelle allant du rouge au vert en fonction du pourcentage des utilisateurs qui les ont devinées à leur premier essai. Vous pouvez retrouver ces pourcentages ci-dessous.
 
Statistiques - réponses
Pays % Correct
France
98%
Canada
97%
Chine
97%
États-Unis
97%
Russie
97%
Allemagne
95%
Brésil
95%
Espagne
95%
Australie
93%
Maroc
93%
Portugal
93%
Afrique du Sud
92%
Égypte
92%
Inde
92%
Italie
92%
Japon
92%
Royaume-Uni
92%
Algérie
90%
Argentine
90%
Belgique
90%
Mexique
90%
Chili
88%
Danemark
88%
Irlande
88%
Pérou
88%
Grèce
87%
Islande
87%
Norvège
87%
République Démocratique du Congo
87%
Suède
87%
Arabie Saoudite
85%
Corée du Nord
85%
Corée du Sud
85%
Finlande
85%
Indonésie
85%
Madagascar
85%
Pologne
85%
Suisse
85%
Libye
83%
Luxembourg
83%
Niger
83%
Pays-Bas
83%
République du Congo
83%
Tunisie
83%
Autriche
82%
Équateur
82%
Estonie
82%
Mali
82%
Roumanie
82%
Turquie
82%
Uruguay
82%
Cuba
80%
Irak
80%
Mongolie
80%
Nigeria
80%
Panama
80%
Sénégal
80%
Slovaquie
80%
Soudan
80%
Albanie
78%
Bolivie
78%
Colombie
78%
Iran
78%
Lettonie
78%
Lituanie
78%
Pakistan
78%
République Tchèque
78%
Thaïlande
78%
Ukraine
78%
Viêt Nam
78%
Andorre
77%
Croatie
77%
Hongrie
77%
Nouvelle-Zélande
77%
Venezuela
77%
Émirats Arabes Unis
75%
Guinée
75%
Israël
75%
Laos
75%
Paraguay
75%
Slovénie
75%
Biélorussie
73%
Cameroun
73%
Kazakhstan
73%
Macédoine du Nord
73%
Serbie
73%
Vatican
73%
Angola
72%
Bulgarie
72%
Côte d'Ivoire
72%
Kosovo
72%
Liban
72%
Monaco
72%
Ouzbékistan
72%
Philippines
72%
Suriname
72%
Zimbabwe
72%
Afghanistan
70%
Bosnie-Herzégovine
70%
Chypre
70%
Malte
70%
République Dominicaine
70%
Syrie
70%
Arménie
68%
Bangladesh
68%
Costa Rica
68%
Gabon
68%
Géorgie
68%
Honduras
68%
Mauritanie
68%
Népal
68%
Qatar
68%
Saint-Marin
68%
Cap-Vert
67%
Érythrée
67%
Éthiopie
67%
Ghana
67%
Guatemala
67%
Haïti
67%
Soudan du Sud
67%
Yémen
67%
Guinée-Bissau
65%
Guyana
65%
Jordanie
65%
Lesotho
65%
Liechtenstein
65%
Namibie
65%
Oman
65%
Somalie
65%
Sri Lanka
65%
Azerbaïdjan
63%
Cambodge
63%
Jamaïque
63%
Monténégro
63%
Belize
62%
Bénin
62%
Fidji
62%
Kenya
62%
Tchad
62%
Togo
62%
Zambie
62%
Birmanie
60%
Guinée Équatoriale
60%
Malaisie
60%
Moldavie
60%
République Centrafricaine
60%
Rwanda
60%
Tadjikistan
60%
Taïwan
60%
Tanzanie
60%
Turkménistan
60%
Mozambique
58%
Nicaragua
58%
Papouasie-Nouvelle- Guinée
58%
Salvador
58%
Bhoutan
57%
Burundi
57%
Comores
57%
Djibouti
57%
Eswatini
57%
Kirghizistan
57%
Koweït
57%
Maurice
57%
Seychelles
57%
Bahreïn
55%
Burkina Faso
55%
Barbade
53%
Botswana
53%
Ouganda
53%
Singapour
53%
Maldives
52%
Sainte-Lucie
52%
Antigua-et-Barbuda
50%
Bahamas
50%
Liberia
50%
Malawi
50%
Saint-Vincent-et-les- Grenadines
50%
États Fédérés de Micronésie
48%
Vanuatu
48%
Dominique
47%
Gambie
47%
Saint-Christophe- et-Niévès
47%
Grenade
45%
Sierra Leone
45%
Îles Marshall
43%
Palaos
43%
Tonga
43%
Îles Salomon
42%
Timor Oriental
42%
Tuvalu
40%
Brunei
38%
Kiribati
38%
Samoa
38%
Trinité-et-Tobago
38%
Nauru
37%
Sao Tomé-et-Principe
37%
Aucun quiz correspondant
Distribution des résultats
% des personnes avec chaque résultat
Percentile par nombre de réponses
Votre historique - résultats
Vous n’avez pas pris ce quiz